000 01428nam0a2200361 4500
001 RU\NLR\bibl\1193142
005 20260406070015.0
010 _a5-94216-015-5
035 _a(NLR Aleph) 001179681
035 _a(nilc)EL/0000174883
035 _aRSLA\BIBL\0000078344
090 _a1649414
_c1649414
100 _a20080121d2006 |||y0rusy50 ca
101 0 _arus
102 _aRU
105 _aach z |||||
200 1 _aБогаче Романовых?..
_eо богатстве князей Юсуповых
_fН.В. Кукурузова
210 _aСанкт-Петербург
_cЮсуповский дворец (СПб ДКРП)
_d2006
215 _a127 с.
_cил., цв. ил., портр., факс.
_d25
225 1 _aТайны старинной усадьбы
300 _aНа 4-й с. обл. авт.: д.э.н. Н.В. Кукурузова
320 _aБиблиогр. в примеч.: с. 122-126
602 _aЮсуповы (род)
_91501558
_3RU\NLR\auth\66651005
686 _aТ214(2)0-21
700 1 _4070
_8rus
_7ca
_aКукурузова
_bН. В.
_f1947-
_gНина Васильевна
_3RU\NLR\auth\7762921
_945851
722 _4570
_8rus
_aЮсуповы (род)
_7ca
_3RU\NLR\AUTH\7715387
_9125041
801 0 _aRU
_bРГБИ
_c20080121
_grcr
801 1 _aRU
_bРГБИ
_c20080121
801 2 _aRU
_bNLR
_c20080226
_grcr
942 _cBOOK
980 _aNB